000 00507nam a2200193Ia 4500
005 20250326124014.0
008 250326s9999 xx 000 0 und d
037 _aTextbook
040 _aFMSL
_beng
_cFMSL
041 _aeng
_2eng
084 _aX K8
_qFMSL
100 _aFerguson C E
245 0 _aPrinciples of economics
_cFerguson C E; Kreps J M
250 _a2
260 _aNew Delhi
_bNew Delhi, Oxford & IBH
_c1968
300 _a863p
942 _cTB
_hX K8
999 _c1271857
_d1271857